Die 32 kleinsten Länder - Statistiken

Allgemein
  • Dieses Quiz wurde 265 mal gespielt
  • Das Durchschnittsergebnis liegt bei 26 aus 32
Antwortstatistiken
Hint Antwort % Korrekt
europa andorra
98%
europa vatikanstadt
98%
Europa San marino
96%
Europa Liechtenstein
94%
Europa Monaco
93%
Europa Luxembourg
90%
Europa Malta
85%
Karribik Barbados
83%
Karribik st vincent und die grenadinen
83%
Ozeanien Nauru
82%
Ozeanien Palau
82%
Karribik st lucia
81%
Karribik st kitts und nevis
80%
ozeanien Tuvalu
79%
Karribik trinidad und tobago
78%
Karribik Grenada
77%
Afrika Kap verde
77%
Ozeanien Mikronesien
77%
Ozeanien Samoa
77%
Ozeanien tonga
77%
Karribik antigua und barbuda
76%
Asien singapur
76%
Ozeanien kiribati
75%
Afrika seychellen
75%
Asien Brunei
74%
Karribik Dominica
74%
Ozeanien Marshallinseln
74%
Afrika são tomé und principe
74%
Afrika Mauritius
73%
Asien Bahrain
71%
Afrika komoren
71%
Asien malediven
67%
Keine übereinstimmenden Quizze gefunden
Verteilung der Resultate
Anzahl Personen mit jedem Resultat
Perzentil nach korrekt beantworteten Fragen
Ihre Resultats-Entwicklung
Sie haben dieses Quiz noch nicht gespielt